Kinh doanh trong nền kinh tế thế giới

Khái quát về kinh doanh. Môi trường kinh tế, sở hữu quản lý doanh nghiệp, tài chính, Marketing, nhân lực và nghiệp vụ. Hoạt động trong nền kinh tế thông tin

Gespeichert in:
Bibliographische Detailangaben
1. Verfasser: Trần, Đạt
Format: Buch
Sprache:Undetermined
Veröffentlicht: Hà Nội Khoa học và Kỹ thuật 1997
Schlagworte:
Tags: Tag hinzufügen
Keine Tags, Fügen Sie den ersten Tag hinzu!
Thư viện lưu trữ: Trung tâm Học liệu Trường Đại học Cần Thơ
LEADER 00842nam a2200205Ia 4500
001 CTU_36647
008 210402s9999 xx 000 0 und d
020 |c 40000 
082 |a 337 
082 |b Đ110 
100 |a Trần, Đạt 
245 0 |a Kinh doanh trong nền kinh tế thế giới 
245 0 |c Trần Đạt 
260 |a Hà Nội 
260 |b Khoa học và Kỹ thuật 
260 |c 1997 
520 |a Khái quát về kinh doanh. Môi trường kinh tế, sở hữu quản lý doanh nghiệp, tài chính, Marketing, nhân lực và nghiệp vụ. Hoạt động trong nền kinh tế thông tin 
650 |a International economic relations,Managerial economics 
904 |i Minh, 000518 (Nguyên sửa) 
980 |a Trung tâm Học liệu Trường Đại học Cần Thơ